| 000 | 00902nam a2200217 a 4500 | ||
|---|---|---|---|
| 003 | 0 | ||
| 005 | 20250517111839.0 | ||
| 008 | 021128s19uu xx 00 eng d | ||
| 050 |
_aPGS LB 1060 _b.R345 2001 |
||
| 100 | _aRehman, Queenierich A. | ||
| 245 |
_aThe nature of the profile of the phone pal conversations of the grade 6 students of Southville International School / _cQueenierich A. Rehman. |
||
| 260 |
_aLas PiƱas City, Philippines : _bSouthville International School and Colleges, _c2001. |
||
| 300 |
_a27 pages : _billustrations ; _c28 cm. |
||
| 504 | _aIncludes bibliographical references. | ||
| 650 |
_aOral communication _vStudy and teaching (Elementary). |
||
| 650 | _aInterpersonal communication in children. | ||
| 650 |
_aTelephone conversations _vJuvenile. |
||
| 650 | _aLanguage arts (Elementary). | ||
| 650 |
_aCommunication _vSocial aspects _vChildren. |
||
| 942 |
_2lcc _cPASS |
||
| 999 |
_c96528 _d96528 |
||